00395nam a2200157Ia 4500008004100000020001500041041001200056082001600068100002000084245006800104250000800172260002500180300000800205650000800213700001600221221030s9999 xx 000 0 und d a8120318404 aEnglish a105.23bStr aB. G. Streetman 0aSolid State Electronic Devicescby B. G. Streetman, S. Banerjee a5th bPHIaNew Delhic2001 a558 aECE aS. Banerjee